| 000 | 00725nam a2200241 a 4500 | ||
|---|---|---|---|
| 001 | 52601 | ||
| 003 | BD-RjUL | ||
| 005 | 20211209075831.0 | ||
| 008 | 160922r19701966enka b 000 0 eng | ||
| 020 | _a0043300480 | ||
| 035 | _a(BD-RjUL)52721 | ||
| 040 |
_dUPvMRC _aBD-RjUL _beng _cBD-RjUL |
||
| 041 | _aeng | ||
| 082 |
_a338.9 _223 _bLED 1970 |
||
| 100 | 1 |
_aLewis, W. Arthur _q(William Arthur), _d1915-1991. _9157319 |
|
| 245 | 1 | 0 |
_aDevelopment planning : _bthe essentials of economic policy / _cby W. Arthur Lewis. |
| 260 |
_aLondon : _bAllen & Unwin, _c1966 [impression 1970] |
||
| 300 |
_a278 p. ; _c23 cm. |
||
| 500 | _aIncludes Index | ||
| 650 | 0 |
_aEconomic policy. _9157320 |
|
| 942 |
_2ddc _cBK |
||
| 999 |
_c52601 _d52601 |
||